| 000 -LEADER |
| fixed length control field |
00885nam a22001937a 4500 |
| 005 - DATE AND TIME OF LATEST TRANSACTION |
| control field |
20260317113337.0 |
| 008 - FIXED-LENGTH DATA ELEMENTS--GENERAL INFORMATION |
| fixed length control field |
260317b ||||| |||| 00| 0 eng d |
| 020 ## - INTERNATIONAL STANDARD BOOK NUMBER |
| International Standard Book Number |
9781534492691 |
| 040 ## - CATALOGING SOURCE |
| Transcribing agency |
KH8 |
| 082 ## - DEWEY DECIMAL CLASSIFICATION NUMBER |
| Classification number |
813.6 |
| 100 ## - MAIN ENTRY--PERSONAL NAME |
| Personal name |
Maisy,Axel |
| Relator term |
Author |
| 245 ## - TITLE STATEMENT |
| Title |
Tim Possible & the Time-Traveling T.Rex |
| 260 ## - PUBLICATION, DISTRIBUTION, ETC. |
| Place of publication, distribution, etc. |
1230 Avenue of the Americas,New York,New York 10020 |
| Name of publisher, distributor, etc. |
Aladdin,an imprint of Simon & Schuster Children's Publishing Division |
| Date of publication, distribution, etc. |
©2022 |
| 300 ## - PHYSICAL DESCRIPTION |
| Extent |
197 pages |
| Other physical details |
b illustration |
| Dimensions |
14.5 cm x 21 cm |
| 520 ## - SUMMARY, ETC. |
| Summary, etc. |
Tim and Tito are best friends whose world gets upended when a time-traveling T-Rex named Oskar suddenly appears in Tim's backyard. That's right, a time-traveling T-Rex, who knows too much for his or Tim and Tito's good. Sure, Oskar's prehistoric spaceship is awesome. -Library Thing- |
| 650 ## - SUBJECT ADDED ENTRY--TOPICAL TERM |
| Topical term or geographic name entry element |
Juvenile Fiction |
| 655 ## - INDEX TERM--GENRE/FORM |
| Non-focus term |
Humour |
| 942 ## - ADDED ENTRY ELEMENTS (KOHA) |
| Source of classification or shelving scheme |
|
| Koha item type |
Books - Fiction |